แสดงรายละเอียดบรรณานุกรม
  กลับหน้าหลัก

Brief Record : Get Marc (ISO 2709) : E-mail record : QR code ปิดหน้าต่าง
E-books : เกี่ยวกับ Collections
LEADER 00000nam 2200000uu 4500
001    209640
003     ULIBM
008    140410s2555||||th 000 0 tha d
020    ^a9786162790881
041 0  ^atha^beng
060  4 ^aWJ146 ก449 2555
245 00 ^aการใช้ยารักษาโรคระบบปัสสาวะ/^bบรรณาธิการ,วชิร คชการ.
250    ^aพิมพ์ครั้งที่ 1
260    ^aกรุงเทพฯ : ^bภาควิชาศัลยศาสตร์ โครงการตำรารามาธิบดี คณะแพทยศาสตร์โรงพยาบาลรามาธิบดี มหาวิทยาลัยมหิดล,^c2555.
300    ^aviii,192 หน้า ;^bภาพประกอบ.
650  4 ^aทางเดินปัสสาวะ,โรคระบบ
650  4 ^aทางเดินปัสสาวะ ^xการรักษาด้วยยา
650  4 ^aระบบปัสสาวะและระบบสืบพันธุ์,โรค ^xการรักษาด้วยยา
650  4 ^aUrology
650  4 ^aUrologic Diseases
700 0  ^aวชิร คชการ,^eบรรณาธิการ
710 2  ^aมหาวิทยาลัยมหิดล. คณะแพทยศาสตร์โรงพยาบาลรามาธิบดี. โครงการตำรารามาธิบดี. ภาควิชาศัลยศาสตร์
999    ^aใช้งานได้ทุกระบบ
รายการนี้ยังไม่มีแท็ก
คุณยังไม่ได้ล็อกอิน คุณสามารถมีกิจกรรมร่วมกับเว็บไซต์ได้ แต่ต้องล็อกอินก่อน ::
  ล็อกอิน
ลำดับที่ ประเภท เลขเรียก สถานที่ สถานะ
1. หนังสือสำรอง
หนังสือสำรอง
สถานะ=หนังสือเก่า - บริการ ณ ห้องสมุด (ห้องเหลือง)
WJ146 ก449 2555  
  
ห้องสมุด หอพักนักศึกษา (ห้องเหลือง) On Shelf
  ขอยืม
Note:ปีงบประมาณ 2557
2. หนังสือทั่วไป
หนังสือทั่วไป
สถานะ=หนังสือเก่า - บริการ ณ ห้องสมุด (ห้องเหลือง)
WJ146 ก449 2555 ฉ.2 
  
ห้องสมุด หอพักนักศึกษา (ห้องเหลือง) On Shelf
  ขอยืม
Note:ปีงบประมาณ 2557
3. หนังสือทั่วไป
หนังสือทั่วไป
WJ146 ก449 2555 ฉ.3 
  
การพยาบาลผู้ใหญ่ On Shelf
  ขอยืม
Note:ปีงบประมาณ 2557
4. หนังสือทั่วไป
หนังสือทั่วไป
สถานะ=หนังสือเก่า - บริการ ณ ห้องสมุด (ห้องเหลือง)
WJ146 ก449 2555 ฉ.4 
  
ห้องสมุด หอพักนักศึกษา (ห้องเหลือง) On Shelf
  ขอยืม
Note:ปีงบประมาณ 2557
5. หนังสือทั่วไป
หนังสือทั่วไป
สถานะ=หนังสือเก่า - บริการ ณ ห้องสมุด (ห้องเหลือง)
WJ146 ก449 2555 ฉ.5 
  
ห้องสมุด หอพักนักศึกษา (ห้องเหลือง) On Shelf
  ขอยืม
Note:ปีงบประมาณ 2557
6. หนังสือทั่วไป
หนังสือทั่วไป
สถานะ=หนังสือเก่า - บริการ ณ ห้องสมุด (ห้องเหลือง)
WJ146 ก449 2555 ฉ.6 
  
ห้องสมุด หอพักนักศึกษา (ห้องเหลือง) On Shelf
  ขอยืม
Note:ปีงบประมาณ 2557
7. หนังสือทั่วไป
หนังสือทั่วไป
WJ146 ก449 2555 ฉ.7 
  
การพยาบาลผู้ใหญ่ On Shelf
  ขอยืม
Note:ปีงบประมาณ 2557
8. หนังสือทั่วไป
หนังสือทั่วไป
WJ146 ก449 2555 ฉ.8 
  
การพยาบาลผู้ใหญ่ On Shelf
  ขอยืม
Note:ปีงบประมาณ 2557
9. หนังสือทั่วไป
หนังสือทั่วไป
WJ146 ก449 2555 ฉ.9 
  
การพยาบาลผู้ใหญ่ On Shelf
  ขอยืม
Note:ปีงบประมาณ 2557
10. หนังสือทั่วไป
หนังสือทั่วไป
WJ146 ก449 2555 ฉ.10 
  
การพยาบาลผู้ใหญ่ On Shelf
  ขอยืม
Note:ปีงบประมาณ 2557
   [แสดง 10/10 รายการ]

รายการใกล้เคียง
    หัวเรื่อง [ทางเดินปัสสาวะ,โรคระบบ]
    หัวเรื่อง [Urology]

BibComment


ยังไม่เคยถูกคอมเมนท์

คอมเมนท์ทรัพยากรรายการนี้
  คอมเมนท์: การใช้ยารักษาโรค..
Bib 209640

 
 
 

 Union Library Management : ULibM
Copyright 2026. All Rights Reserved.
скачать бесплатно без регистрации порно красивый секс HD Sex Hindi sex

xxx gou

xxxx

bfxxx

xxxwww

Секса Видео

xxxx

Секса Видео

detube

geilexxx

C99 Shell

worms shell

blod xxx video
Ebony Coed Rihanna Rimes Takes A Dick In Her Young Twat priyaa indian fuck anal and pusssy hardcore indian women xxx desi hardcore fucking part 1 bengalixxxcouple